000 00630cam a22002411 4500
001 sa 68003892
003 DLC
005 20260227112457.0
008 890703s1967 ii 000 0 maro
010 _asa 68003892
035 _a(OCoLC)19958828
040 _aDLC
_cWaU
_dDLC
042 _apremarc
050 0 0 _aPK2418.J385
_bM3
100 1 _aJawadekar, Muralidhar,
_d1936-
245 1 0 _aMastānīca Bājīrāva.
260 _c[1967]
300 _a94 p.
_c22 cm.
500 _aIn Marathi.
500 _aA play.
600 0 0 _aBaji Rao
_bI,
_cPeshwa,
_d1700-1740
_vDrama.
600 0 0 _aMastānī,
_dactive 18th century
_vDrama.
999 _c79822
_d79822